Welcome to CU Library Online Public Access Catalogue (OPAC)

The Supreme Court (Amendment) Rules, 2012 (C.I. 74) (Record no. 1349)

MARC details
000 -LEADER
fixed length control field 00375nam a22001217a 4500
005 - DATE AND TIME OF LATEST TRANSACTION
control field 20250407194515.0
008 - FIXED-LENGTH DATA ELEMENTS--GENERAL INFORMATION
fixed length control field 241120b |||||||| |||| 00| 0 eng d
245 ## - TITLE STATEMENT
Title The Supreme Court (Amendment) Rules, 2012 (C.I. 74)
Statement of responsibility, etc. The Republic of Ghana
260 ## - PUBLICATION, DISTRIBUTION, ETC.
Place of publication, distribution, etc. Accra, Ghana
Name of publisher, distributor, etc. Ghana Publishing Co. Ltd.
Date of publication, distribution, etc. 2012
300 ## - PHYSICAL DESCRIPTION
Extent 11 cm
Dimensions 22.5 cm
650 ## - SUBJECT ADDED ENTRY--TOPICAL TERM
Source of heading or term Acts
General subdivision Ghana
942 ## - ADDED ENTRY ELEMENTS (KOHA)
Source of classification or shelving scheme Library of Congress Classification
Koha item type Books
Suppress in OPAC No
999 ## -
-- 1349
-- 1349
Holdings
Withdrawn status Lost status Source of classification or shelving scheme Damaged status Not for loan Collection Home library Current library Shelving location Date acquired Total checkouts Full call number Barcode Date last seen Copy number Price effective from Koha item type
    Library of Congress Classification     Non-fiction Law Library (Miotso) Law Library (Miotso) Reference 11/20/2024   KRX1892 GHA LLM00001091 11/20/2024 1 11/20/2024 Books
    Library of Congress Classification     Non-fiction Law Library (Miotso) Law Library (Miotso) Reference 11/20/2024   KRX1892 GHA LLM00001090 11/20/2024 2 11/20/2024 Books
© 2023-2024 Copyright: Central University Libraries. All Rights Reserved | Created by: Mahone Tech Office